| 000 | 00576cam a2200193 i 4500 | ||
|---|---|---|---|
| 001 | 36808 | ||
| 005 | 20230410101948.0 | ||
| 008 | 070316b1986 dr a 000 0 spa | ||
| 040 | _aspa | ||
| 050 | 1 | 4 |
_a118 F 1938.55 _bM233i 1986 |
| 100 | 1 | _aMajluta, Jacobo | |
| 245 | 1 | 3 |
_aLa ideologĂa de la eficiencia / _cJacobo Majluta |
| 260 |
_aSanto Domingo, R. D. : _bEditora Corripio, _c1986 |
||
| 300 | _a250 p. | ||
| 600 | 1 | 0 | _aMajluta, Jacobo. |
| 610 | 2 | 0 | _aPartido Revolucionario Dominicano. |
| 651 | 0 |
_aDominican Republic _xPolitics and government _y1961- |
|
| 942 |
_2lcc _cbk |
||
| 999 |
_c16477 _d16477 |
||